Principles of Electric Circuits (Record no. 3347)

MARC details
005 - DATE AND TIME OF LATEST TRANSACTION
control field 20250621081645.0
020 ## - INTERNATIONAL STANDARD BOOK NUMBER
International Standard Book Number 0-675-21062-3
082 ## - DEWEY DECIMAL CLASSIFICATION NUMBER
Classification number LM 621.381 FLO
100 ## - MAIN ENTRY--PERSONAL NAME
Author name FLOYD, T. L.
245 ## - TITLE STATEMENT
Title Principles of Electric Circuits
250 ## - EDITION STATEMENT
Edition statement 3rd Ed.
260 ## - PUBLICATION, DISTRIBUTION, ETC.
Place of publication, distribution, etc. New York,
Name of publisher, distributor, etc. Macmillan Publishing Company,
Date of publication, distribution, etc. 1989.
300 ## - PHYSICAL DESCRIPTION
Extent xx,955p.: ill.; figures & photo.
Other physical details Index
Dimensions 25cm.
942 ## - ADDED ENTRY ELEMENTS (KOHA)
Source of classification or shelving scheme Dewey Decimal Classification
Koha item type Books
Holdings
Date last seen Total checkouts Full call number Barcode Cost, replacement price Price effective from Koha item type Lost status Source of classification or shelving scheme Damaged status Not for loan Withdrawn status Home library Current library Shelving location Date acquired Cost, normal purchase price
06/06/2025   LM 621.381 FLO 00000010797 36000.00 06/06/2025 Books   Dewey Decimal Classification       College of Business Education Main Library College of Business Education Main Library General Collection 07/17/1996 12000.00
06/06/2025   LM 621.381 FLO 00000010798 36000.00 06/06/2025 Books   Dewey Decimal Classification       College of Business Education Main Library College of Business Education Main Library General Collection 07/17/1996 12000.00
06/06/2025   LM 621.381 FLO 00000010799 36000.00 06/06/2025 Books   Dewey Decimal Classification       College of Business Education Main Library College of Business Education Main Library General Collection 07/17/1996 12000.00
06/06/2025   LM 621.381 FLO 00000010800 36000.00 06/06/2025 Books   Dewey Decimal Classification       College of Business Education Main Library College of Business Education Main Library General Collection 07/17/1996 12000.00